Kandydaci SLD / NL w każdych wyborach prezydenckich - Statystyki

Ogólne statystyki
  • Ten quiz został rozwiązany 22 razy
  • Średni wynik to 8 z 9
Statystyki odpowiedzi
Wybory Kandydat Poparcie w I turze Poparcie w II turze Dodatkowe informacje
Zajęte Miejsce
(I tura)
% Poprawnych
1995 Aleksander Kwaśniewski 35,11 % 51,72 % - 1
100%
2000 Aleksander Kwaśniewski 53,90 % brak II tury niezależny, popierany przez SLD 1
100%
2025 Magdalena Biejat 4,23 % - - 7
95%
2015 Magdalena Ogórek 2,38 % - - 5
84%
2020 Robert Biedroń 2,22 % - - 6
84%
1990 Włodzimierz Cimoszewicz 9,21 % - Kandydat SDRP, które było w koalicji o nazwie SLD 4
79%
2005 Włodzimierz Cimoszewicz - - wycofał się -
79%
2010 Grzegorz Napieralski 13,68 % - - 3
74%
2005 Marek Borowski 10,33 % - Kandydat SDPL popierany przez SLD 4
63%
Nie znaleziono quizów pasujących do podanych kryteriów
Rozkład punktacji
Procent ludzi z każdym wynikiem
Percentyl według liczby udzielonych odpowiedzi
Twoja historia wyników
Nie rozwiązałeś tego quizu